000 00454nam a2200145Ia 4500
008 231129s1997||||xx |||||||||||||| ||spa||
020 _a958-600-463-5
040 _bspa
082 _a004 T625c (EN PROCESO DE DESCARTE) Vol. 1 Ejs 1
100 _aTiznado Santana Marco Antonio
245 0 _aComputacion facil para todos
260 _c1997
264 _aSantafé de Bogotá Colombia: McGraw-Hill
942 _2ddc
_cBKS
999 _c7780
_d7780